piłkarze barcelony w sezonie 2014/15 - Statystyki

Ogólne statystyki
  • Ten quiz został rozwiązany 34 razy
  • Średni wynik to 11 z 15
Statystyki odpowiedzi
I Hint Odpowiedź % Poprawnych
I PS lionel messi
97%
I ŚP andres iniesta
94%
I N luis suarez
94%
I LS neymar
91%
I ŚP xavi
91%
I ŚO gerard pique
88%
I ŚP sergio busquets
85%
I BR marc-andre ter-stegen
79%
I PO dani alves
74%
I ŚP ivan rakitić
74%
I LO jordi alba
68%
I PS pedro
68%
I ŚO javier mascherano
62%
I ŚP sergi roberto
32%
I ŚPO rafinha
18%
Nie znaleziono quizów pasujących do podanych kryteriów
Rozkład punktacji
Procent ludzi z każdym wynikiem
Percentyl według liczby udzielonych odpowiedzi
Twoja historia wyników
Nie rozwiązałeś tego quizu